000 00626nam a22002057a 4500
005 20150603151250.0
010 _aENG-112787
020 _a9788120350922
_c295.00
035 _aEN-96319
037 _bDBAD/PUB
082 _a620.11
100 _aRaghavan, V.
245 _aMaterials science and engineering :
_cby V. Raghavan
_ba first course /
250 _a6th ed
260 _aDelhi
_bPHI Learning
_c2015
270 _aRimjhim House, 111, Patparganj Industrial Estate,
_bDelhi
_e110092
300 _axvii,463p. :
_c24cm(pbk)
_bill.
500 _aIncludes index
942 _2ddc
_cEN
_mRAG
_h620.11
999 _c93172
_d93172